Physics general knowledge 1 - Statistics

General Stats
  • This quiz has been taken 1,134 times
  • The average score is 10 of 15
Answer Stats
Hint Answer % Correct
Apple fell on this guys head Newton
98%
Who created the equation E=mc^2 Einstein
96%
Earth's only celestial body Moon
84%
_________ zero, the temperature which atoms cease to move Absolute
83%
Scientist who created the atomic bomb Oppenheimer
82%
Element which is used in nuclear reactors Uranium / Plutonium
80%
Located at the centre of most galaxies Black hole
76%
What protons and neutrons are made out of Quarks
70%
What is the value of Earth's gravitational constant g 9.81 ms^-2
65%
Smallest gas giant in the solar system Neptune
64%
Named the uncertainty principle and also a meth kingpin Heisenberg
51%
City of the large hadron collider Geneva
41%
Volcanically active moon of Jupiter Io
33%
Greek letter used to denote the wavefunction Psi
32%
Exchange particles between quarks Gluons
25%
No matching quizzes found
Score Distribution
Percent of People with Each Score
Percentile by Number Answered
Your Score History
You have not taken this quiz